000 00802nam a2200253 u 4500
001 65588
005 20180714073004.0
008 160623s2007 sp r 000 0 spa d
020 _a9788471125248
041 _aspa
082 0 _a370.946083
_bVAR
100 1 _aVarela, Julia,
_eautor
245 1 4 _aLas reformas educativas a debate (1982-2006) /
_cpor Julia Varela.
250 _a[Primera edición]
264 1 _aEspaña :
_bEdiciones Morata,
_c2007
300 _a187 páginas ;
_c24 cm.
336 _atexto
_2rdacontent
337 _asin mediación
_2rdamedia
338 _avolumen
_2rdacarrier
650 4 _aSistema escolar
_zEspaña
650 4 _aReforma educativa
_zEspaña
650 4 _aPolítica educativa
_zEspaña
650 4 _aEducación
_zEspaña
_xHistoria, 1982-1996
999 _c65588
_d65588